<?xml version="1.0" encoding="UTF-8"?><?xml-stylesheet type="text/xsl" href="static/style.xsl"?><OAI-PMH xmlns="http://www.openarchives.org/OAI/2.0/" xmlns:xsi="http://www.w3.org/2001/XMLSchema-instance" xsi:schemaLocation="http://www.openarchives.org/OAI/2.0/ http://www.openarchives.org/OAI/2.0/OAI-PMH.xsd"><responseDate>2026-04-14T04:20:55Z</responseDate><request verb="GetRecord" identifier="oai:www.recercat.cat:2445/18670" metadataPrefix="marc">https://recercat.cat/oai/request</request><GetRecord><record><header><identifier>oai:recercat.cat:2445/18670</identifier><datestamp>2025-12-05T16:24:44Z</datestamp><setSpec>com_2072_1057</setSpec><setSpec>col_2072_478917</setSpec><setSpec>col_2072_478921</setSpec></header><metadata><record xmlns="http://www.loc.gov/MARC21/slim" xmlns:dcterms="http://purl.org/dc/terms/" xmlns:xsi="http://www.w3.org/2001/XMLSchema-instance" xmlns:doc="http://www.lyncode.com/xoai" xsi:schemaLocation="http://www.loc.gov/MARC21/slim http://www.loc.gov/standards/marcxml/schema/MARC21slim.xsd">
   <leader>00925njm 22002777a 4500</leader>
   <datafield ind2=" " ind1=" " tag="042">
      <subfield code="a">dc</subfield>
   </datafield>
   <datafield ind2=" " ind1=" " tag="720">
      <subfield code="a">Esteve i Comas, Maria</subfield>
      <subfield code="e">author</subfield>
   </datafield>
   <datafield ind2=" " ind1=" " tag="720">
      <subfield code="a">Rosinach, Mercè</subfield>
      <subfield code="e">author</subfield>
   </datafield>
   <datafield ind2=" " ind1=" " tag="720">
      <subfield code="a">Fernández Bañares, Fernando</subfield>
      <subfield code="e">author</subfield>
   </datafield>
   <datafield ind2=" " ind1=" " tag="720">
      <subfield code="a">Farré i Masip, Carme</subfield>
      <subfield code="e">author</subfield>
   </datafield>
   <datafield ind2=" " ind1=" " tag="720">
      <subfield code="a">Salas Martínez, Azucena</subfield>
      <subfield code="e">author</subfield>
   </datafield>
   <datafield ind2=" " ind1=" " tag="720">
      <subfield code="a">Alsina, M.</subfield>
      <subfield code="e">author</subfield>
   </datafield>
   <datafield ind2=" " ind1=" " tag="720">
      <subfield code="a">Vilar, P.</subfield>
      <subfield code="e">author</subfield>
   </datafield>
   <datafield ind2=" " ind1=" " tag="720">
      <subfield code="a">Abad, Águeda</subfield>
      <subfield code="e">author</subfield>
   </datafield>
   <datafield ind2=" " ind1=" " tag="720">
      <subfield code="a">Forné Bardera, Montserrat</subfield>
      <subfield code="e">author</subfield>
   </datafield>
   <datafield ind2=" " ind1=" " tag="720">
      <subfield code="a">Mariné i Guillem, Meritxell</subfield>
      <subfield code="e">author</subfield>
   </datafield>
   <datafield ind2=" " ind1=" " tag="720">
      <subfield code="a">Santaolalla Sala, Rebeca</subfield>
      <subfield code="e">author</subfield>
   </datafield>
   <datafield ind2=" " ind1=" " tag="720">
      <subfield code="a">Espinós, J. C.</subfield>
      <subfield code="e">author</subfield>
   </datafield>
   <datafield ind2=" " ind1=" " tag="720">
      <subfield code="a">Viver i Pi-Suñer, Josep M.</subfield>
      <subfield code="e">author</subfield>
   </datafield>
   <datafield ind2=" " ind1=" " tag="260">
      <subfield code="c">2011-07-07T12:30:50Z</subfield>
   </datafield>
   <datafield ind2=" " ind1=" " tag="260">
      <subfield code="c">2011-07-07T12:30:50Z</subfield>
   </datafield>
   <datafield ind2=" " ind1=" " tag="260">
      <subfield code="c">2006</subfield>
   </datafield>
   <datafield ind2=" " ind1=" " tag="520">
      <subfield code="a">Background: Limited data on a short series of patients suggest that lymphocytic enteritis (classically considered as latent coeliac disease) may produce symptoms of malabsorption, although the true prevalence of this situation is unknown. Serological markers of coeliac disease are of little diagnostic value in identifying these patients. Aims: To evaluate the usefulness of human leucocyte antigen-DQ2 genotyping followed by duodenal biopsy for the detection of gluten-sensitive enteropathy in first-degree relatives of patients with coeliac disease and to assess the clinical relevance of lymphocytic enteritis diagnosed with this screening strategy. Patients and methods: 221 first-degree relatives of 82 DQ2+ patients with coeliac disease were consecutively included. Duodenal biopsy (for histological examination and tissue transglutaminase antibody assay in culture supernatant) was carried out on all DQ2+ relatives. Clinical features, biochemical parameters and bone mineral density were recorded. Results: 130 relatives (58.8%) were DQ2+, showing the following histological stages: 64 (49.2%) Marsh 0; 32 (24.6%) Marsh I; 1 (0.8%) Marsh II; 13 (10.0%) Marsh III; 15.4% refused the biopsy. 49 relatives showed gluten sensitive enteropathy, 46 with histological abnormalities and 3 with Marsh 0 but positive tissue transglutaminase antibody in culture supernatant. Only 17 of 221 relatives had positive serological markers. Differences in the diagnostic yield between the proposed strategy and serology were significant (22.2% v 7.2%, p&lt;0.001). Relatives with Marsh I and Marsh II¿III were more often symptomatic (56.3% and 53.8%, respectively) than relatives with normal mucosa (21.1%; p=0.002). Marsh I relatives had more severe abdominal pain (p=0.006), severe distension (p=0.047) and anaemia (p=0.038) than those with Marsh 0. The prevalence of abnormal bone mineral density was similar in relatives with Marsh I (37%) and Marsh III (44.4%). Conclusions: The high number of symptomatic patients with lymphocytic enteritis (Marsh I) supports the need for a strategy based on human leucocyte antigen-DQ2 genotyping followed by duodenal biopsy in relatives of patients with coeliac disease and modifies the current concept that villous atrophy is required to prescribe a gluten-free diet.</subfield>
   </datafield>
   <datafield tag="653" ind2=" " ind1=" ">
      <subfield code="a">Enteritis</subfield>
   </datafield>
   <datafield tag="653" ind2=" " ind1=" ">
      <subfield code="a">Malaltia celíaca</subfield>
   </datafield>
   <datafield tag="653" ind2=" " ind1=" ">
      <subfield code="a">Celiac disease</subfield>
   </datafield>
   <datafield tag="653" ind2=" " ind1=" ">
      <subfield code="a">Enteritis</subfield>
   </datafield>
   <datafield ind2="0" ind1="0" tag="245">
      <subfield code="a">Spectrum of gluten sensitive enteropathy in first degree relatives of patients with coeliac disease: clinical relevance of lymphocytic enteritis.</subfield>
   </datafield>
</record></metadata></record></GetRecord></OAI-PMH>